000 00525nam a2200181Ia 4500
001 18717
005 20260306171651.0
008 260306s9999||||xx |||||||||||||| ||und||
041 _aESP
082 _a658.5
_bC35
100 _aCastro García, Elena
_eAUT
245 0 _aOptimización de la cadena logística:
_bgestión de operaciones, costes, imprevistos e incidencias, y sistemas de información
260 _c2016
300 _a279 páginas :
_c24 cm.
650 _aGEN
654 _aCAN
942 _cLIB
_dJUS
_fJUS
_2ddc
_n
999 _c18717
_d18717